000 00494nam a2200193Ia 4500
999 _c29600
_d29600
003 0100
005 20180427120545.0
008 130303s9999 xx 000 0 und d
040 _cARRUPELIB
050 _aJA82.U18 1975
100 _aUllmann, Walter
_941654
245 _aLaw and politics in the Middle Ages
_bAn introduction to the sources of medieval political ideas
_c\by Walter Ulimann
245 _ban introduction to the sources of Medieval political ideas
260 _aIthaca
260 _bCornell U. P.
300 _a320P.
_c22cm.
300 _b
700 _aWalter Ullmann
_941655
942 _2lcc
_cMONOGRAPH